000 00560nam a22001817a 4500
005 20230915145440.0
010 _aENG-138009
020 _c495.00
035 _aEN-121541
037 _bDBAD/PUB
082 _a155.25
100 _aJoseph, M.D.
_956723
245 _aAdolescence and Personality Growth:
_cJ.Sunderam &K.M.Bhardri
_bA Philosophical & Psychological Probe
260 _aAssam
_bEBH Publishers
_c2021
270 _a136,M.L.Nehru Road, Panbazar
_bGuhawati
_e781001
300 _a64P
_c25cm(pbk)
942 _2ddc
_cEN
_h155.25
_mJOS
999 _c198203
_d198203